000 00218 a2200097 4500
001 30851
100 _aAbdul Aziz Urfi
245 _aJamal-e-Mustafa
260 _aKarachi
_bGillani Publishers
_c
090 _c20748
_d20748
942 _aNUST-CAE
_cM
_c11945
999 _c265924
_d265924